|
|
|
|
| LEADER |
00000ny a22000003n 4500 |
| 005 |
20110623122226.0 |
| 006 |
m u |
| 007 |
cr cn||||||||| |
| 008 |
200807r2007 sp |||||s|||||||||||spa d |
| 020 |
|
|
|a 9788498491203
|
| 035 |
|
|
|a 2426
|
| 040 |
|
|
|a FlNmELB
|c FlNmELB
|d vlex
|
| 050 |
1 |
4 |
|a JC599.A1
|b A844 2007eb
|
| 080 |
|
|
|a 342.7
|
| 090 |
|
|
|c 1224
|d 1224
|
| 100 |
1 |
|
|a Ass̕, Rafael de
|
| 245 |
1 |
4 |
|a Los desafo̕s de los derechos humanos hoy
|h [Recurso electrn̤ico]
|c Coordinado por Rafael de Ass̕; David Bonda̕; Elena Maza
|
| 256 |
|
|
|a Servicio en ln̕ea
|
| 260 |
|
|
|a Madrid :
|b Dykinson,
|c 2007
|
| 300 |
|
|
|a 8- 591p
|
| 506 |
1 |
|
|a Contenido solo disponible en los productos indicados
|d vLex Global
|d vLex Global (Academic Edition, excluding Law Schools)
|d vLex Global (U.S. Academic Edition, Law Schools)
|d vLex Global (U.S. Academic Edition, excluding Law Schools)
|d vLex Global (Academic Edition, Law Schools)
|
| 650 |
0 |
7 |
|a Derechos humanos
|2 Tesauro vLex
|
| 650 |
0 |
7 |
|a Constitucional
|2 Tesauro vLex
|
| 650 |
0 |
7 |
|a Proteccin̤ de los derechos fundamentales de la persona
|2 Tesauro vLex
|
| 650 |
0 |
7 |
|a Administrativo
|2 Tesauro vLex
|
| 650 |
0 |
7 |
|a Declaracin̤ universal de los derechos humanos
|2 Tesauro vLex
|
| 700 |
1 |
|
|a Bonda̕, David,
|e coord
|
| 700 |
1 |
|
|a Maza, Elena,
|e coord
|
| 740 |
0 |
|
|a vLex Libros (Servicios en ln̕ea)
|
| 856 |
4 |
0 |
|u http://vlex.com/source/2426
|z Acceso restringido
|
| 942 |
|
|
|c BOOK
|